000
00275nam a2200121Ia 4500
008
220104s9999 xx 000 0 und d
100
_a
Stevens H P
245
0
_a
Rubber seed oil
520
_a
(citn only)
650
_a
Rubber seed
650
_a
Rubber seed oil
942
_c
BE
999
_c
47633
_d
47633